000 00632nam a2200205Ia 4500
003 GCL
005 20240530102106.0
008 140319s9999 xx 000 0 ara d
040 _aGCL /
_cGCL
082 0 4 _a910.41
_bى ك
100 1 _aيوسف القعيد
245 1 0 _aالكتاب الاحمر : رحلاتى فى خريف الحلم السوفييتى /
_cيوسف القعيد
260 _a[S.N] :
_bدار سعاد الصباح ،
_c1992
300 _a150 ص
490 _aادب الرحلات
_v0
650 0 4 _aالعلم
650 0 4 _aالعالم
650 0 4 _aالرحلات فى الادب
942 _2ddc
_cBK
999 _c29763
_d29763